Statistics for Random 'Top and Tail' Word Quiz - B

Click here to take the quiz!

General Stats

  • This quiz has been taken 97 times
  • The average score is 10 of 16

Answer Stats

HintLettersAnswer% Correct
Explosive device4Bomb
97%
Napkin tied under the chin of a child3Bib
94%
Reveal secrets by indiscreet talk4Blab
85%
Make a quick, short, up and down movement3Bob
84%
Indistinct shapeless form4Blob
81%
Electric lighting component4Bulb
80%
Short publicity notice, like that on a book jacket5Blurb
73%
Container for holding water in which to bathe7Bathtub
67%
Subsidiary point on a fish hook4Barb
50%
African tree with a very thick trunk6Baobab
48%
Satan9Beelzebub
48%
Tiny piece of bread or a browsing navigational aid10Breadcrumb
48%
Search for objects on the seashore9Beachcomb
38%
Baking soda abbreviation6Bicarb
32%
Method of teasing out hair to create volume8Backcomb
28%
Restaurant that sells beer made on the premises7Brewpub
23%
Smear all over or cover gaudily or excessively6Bedaub
21%
Betray8Backstab
11%

Score Distribution

Percentile by Number Answered

Percent of People with Each Score

Your Score History

You have not taken this quiz